| 000 | 00535nam a22001937a 4500 | ||
|---|---|---|---|
| 003 | koha_MIRAKIL | ||
| 005 | 20231213100357.0 | ||
| 008 | 231213b |||||||| |||| 00| 0 ||| d | ||
| 020 | _b978-9-75499299-1 | ||
| 040 |
_aTR-IsEVY _btur _cTR-IsEVY |
||
| 082 | _aFIC ÖZD/M | ||
| 100 | _aÖzdemir, Emin. | ||
| 245 | 0 | _aMutlukent'in yöneticisi | |
| 260 |
_bKök Yayıncılık, _c2014 |
||
| 300 | _a135 s. | ||
| 650 | _aChildren's literature -- Stories, Turkish. | ||
| 650 | _aÇocuk edebiyatı -- Hikaye, Türk. | ||
| 942 |
_2ddc _cBK |
||
| 999 |
_c18971 _d18971 |
||